000 00742nam a2200229Ia 4500
003 OSt
005 20220923230400.0
006 a|||||r|||| 00| 0
007 ta
008 Pun
024 _a280,083
037 _cTextual
040 _aARTS
_cARTS
_bPun
041 _2Pun
_aPun
082 _aV2:51-8.N47, 153N1
100 _aਗਿਆਨੀ, ਕੇਸਰ ਸਿੰਘ
245 0 _aਮੇਰੀ ਆਗ਼ਾਦ ਹਿੰਦ ਫੌਜ ਦੀ ਡਾਇਰੀ
260 _aਪਟਿਆਲਾ
_b ਲਾਂਬਾ ਰੀਸਰਡ ਐਜ਼ਡ ਪਬਲੀਕੇFਨਗ਼
_c1991
300 _a182ਪੰ
_ccm.
942 _hV2:51-8.N47, 153N1
_cTEXL
_2CC
999 _c384424
_d384424